| 000 | 00405nam a22001817a 4500 | ||
|---|---|---|---|
| 003 | OSt | ||
| 005 | 20170105103442.0 | ||
| 008 | 120502t xxu||||| |||| 00| 0 eng d | ||
| 020 | _a978-0-471-69939-2 | ||
| 040 | _cASAB | ||
| 050 | _a575.1,SNU | ||
| 082 | _24 th ED | ||
| 245 |
_aPrinciples of Genetics _cSnustad Simmons |
||
| 260 | _aWiley | ||
| 300 | _a865 | ||
| 650 |
_aGenetics _9209 |
||
| 942 |
_2lcc _cBK |
||
| 999 |
_c16505 _d16505 |
||